Gotthold Ephraim Lessings sämtliche schriften. (Record no. 23418)

MARC details
000 -LEADER
fixed length control field 00865cam a22002531 4500
001 - CONTROL NUMBER
control field g 01000216
003 - CONTROL NUMBER IDENTIFIER
control field DLC
005 - DATE AND TIME OF LATEST TRANSACTION
control field 20260227111250.0
008 - FIXED-LENGTH DATA ELEMENTS--GENERAL INFORMATION
fixed length control field 830624m18661924gw 000 0 gers
010 ## - LIBRARY OF CONGRESS CONTROL NUMBER
LC control number g 01000216
035 ## - SYSTEM CONTROL NUMBER
System control number (OCoLC)9642862
040 ## - CATALOGING SOURCE
Original cataloging agency DLC
Transcribing agency ICarbS
Modifying agency DLC
042 ## - AUTHENTICATION CODE
Authentication code premarc
050 00 - LIBRARY OF CONGRESS CALL NUMBER
Classification number PT2396
Item number .A1 1886
100 1# - MAIN ENTRY--PERSONAL NAME
Personal name Lessing, Gotthold Ephraim,
Dates associated with a name 1729-1781.
245 10 - TITLE STATEMENT
Title Gotthold Ephraim Lessings sämtliche schriften.
Statement of responsibility, etc. Hrsg. von Karl Lachmann.
250 ## - EDITION STATEMENT
Edition statement 3., auf's neue durchgesehene und verm. Aufl. besorgt durch Franz Muncker ...
260 ## - PUBLICATION, DISTRIBUTION, ETC.
Place of publication, distribution, etc. Stuttgart,
Name of publisher, distributor, etc. G. J. Göschen,
Date of publication, distribution, etc. 1866-1924.
300 ## - PHYSICAL DESCRIPTION
Extent 23 v. in 24.
Dimensions 23 cm.
700 1# - ADDED ENTRY--PERSONAL NAME
Personal name Lachmann, Karl,
Dates associated with a name 1793-1851,
Relator term ed.
700 1# - ADDED ENTRY--PERSONAL NAME
Personal name Muncker, Franz,
Dates associated with a name 1855-1926,
Relator term ed.
700 1# - ADDED ENTRY--PERSONAL NAME
Personal name Plaurus, Titus Maccius.
Titles and other words associated with a name Captivi. German.
700 1# - ADDED ENTRY--PERSONAL NAME
Personal name Sculetus, Andreas,
Dates associated with a name 17th century.

No items available.

Powered by Koha